000 00324 a2200157 4500
001 176033
020 _a
040 _cMagnum
100 _aRocha, Natercia
240 1 0 _aUm gato sem nome
_lpor
245 1 0 _aUm gato sem nome
362 0 _a1899
440 1 _aMelhoramentos
697 _aMAGNITO: IJ/GERAL
942 _cBK
999 _c176033
_d176033